Cơ sở cơ học máy

সংরক্ষণ করুন:
গ্রন্থ-পঞ্জীর বিবরন
প্রধান লেখক: Ngô Văn Quyết
বিন্যাস: গ্রন্থ
ভাষা:Vietnamese
প্রকাশিত: Xây dựng 2008
বিষয়গুলি:
ট্যাগগুলো: ট্যাগ যুক্ত করুন
কোনো ট্যাগ নেই, প্রথমজন হিসাবে ট্যাগ করুন!
Thư viện lưu trữ: Mạng thư viện Đại học Đà Nẵng
LEADER 00962nam a2200325 a 4500
001 000002945
003 03670
005 20171229145311.0
008 171229s2008 vie
040 |a LSK 
041 0 |a VIE 
082 0 |a 621.8  |b NG-Q 
100 1 |a Ngô Văn Quyết 
245 0 0 |a Cơ sở cơ học máy 
260 |b Xây dựng  |c 2008 
300 |a 280 pages  |c 27 cm. 
653 |a Cơ học máy 
653 |a Chế tạo máy 
852 |a Phòng Đọc 
901 |a 1 
927 |a Sách tham khảo 
OWN |a LSK 
AVA |a UDN50  |b LSK  |d 621.8 NG-Q  |e available  |t Error 5001 Not defined in file expand_doc_bib_avail.  |f 1  |g 0  |h N  |i 0  |k 1 
999 |a From the UDN01 
AVA |a UDN50  |b LSK  |d 621.8 NG-Q  |e available  |t Error 5001 Not defined in file expand_doc_bib_avail.  |f 1  |g 0  |h N  |i 0  |k 1 
TYP |a Monograph 
TYP |a Printed language 
980 |a Mạng thư viện Đại học Đà Nẵng